Oxford student's dictionary of English

Uloženo v:
Podrobná bibliografie
Médium: Kniha
Jazyk:Undetermined
Vydáno: Oxford, New York Oxford Univ. Press 2001
Témata:
Tagy: Přidat tag
Žádné tagy, Buďte první, kdo otaguje tento záznam!
Thư viện lưu trữ: Trung tâm Học liệu Trường Đại học Cần Thơ
LEADER 00459nam a2200169Ia 4500
001 CTU_79774
008 210402s9999 xx 000 0 und d
082 |a 423 
082 |b O.98 
245 0 |a Oxford student's dictionary of English 
260 |a Oxford, New York 
260 |b Oxford Univ. Press 
260 |c 2001 
650 |a English language 
650 |x Dictionaries 
904 |i Năm,Hải 
980 |a Trung tâm Học liệu Trường Đại học Cần Thơ